Statistics for Countries that Bordered the USSR

Click here to take the quiz!

General Stats

  • This quiz has been taken 46,063 times
  • The average score is 10 of 12

Answer Stats

Country % Correct
China
97%
Poland
93%
Finland
91%
Mongolia
90%
Turkey
82%
Romania
82%
Afghanistan
78%
North Korea
77%
Iran
76%
Hungary
75%
Norway
66%
Czechoslovakia
58%

Score Distribution

Percentile by Number Answered

Percent of People with Each Score

Your Score History

You have not taken this quiz